11290nam a2200397 i 4500003000900000005001700009007000300026008004100029040003000070082001300100100005100113245022400164250001900388264005400407300004000461336002700501337003300528338002800561504004200589504004200631505557700673505355906250590002709809700005709836700005709893700005109950910001410001942001410015952013710029952014310166952014310309952013710452952014310589952014310732999001710875DO-SdBNP20240827084656.0ta240826s2024 dr c 000 0 spa d aDO-SdBNPbspacBNPHUerda 4222bG6431 aGonzález Castillo, Luis Germaneautor98640400aPersonalidades mundiales en la historia de la cultura dominicana /cLuis German González Castillo ; investigador Jesús David Casto Santana ; colaboradores German Starling González Cruz, Hanoí A. González Cruz  a1a. edición  1aSanto Domingo :b[editor no identificado],c2024. a2 volúmenes ;bretratos c28 cm. 2rdacontentatextobtxt 2rdamediaasin mediaciónbn 2rdacarrieravolumenbnc aBibliografía volumen 1, p: 139-148. aBibliografía volumen 2, p: 101-109.0 aVolumen I --tPresentación --gPolitica y economia --tCiriaco Ramirez -- Don Juan José Duarte Rodríguez -- El padre Gaspar Hernández Rómulo -- Manuel José Jiménez González -- José Antonio "Pepillo" Salcedo Ramírez -- Ramón Báez Machado -- José María Bartolomé Imbert Duplessis -- Juan Bautista Cambiaso Chiozzone -- Antonio Duvergé Duval -- Vicente Celestino Duarte Díez -- Ramón Emeterio Betances y Alacán -- José Julián Martí Pérez -- Napoleón I Bonaparte -- Alfredo Deetjen -- Simón Bolívar -- Charlemagne Péralte -- José Antonio de la Caridad Maceo y Grajales -- Charles André Joseph Marie de Gaulle -- Charles summer -- Rubén Berríos Martínez -- José López Portillo -- Omar Efraín Torrijos Herrera -- Herbert Ernst Karl Frahm -- Olof Palme -- Felipe González -- Mario Soares -- Carmen Quidiello -- Renée Klang Avelino -- Alba María Antonia Cabral Cornero -- Dominique Bluhdorn de Decamps -- James Earl Carter Jr. -- Sofía Margarita victoria Federica de Schleswig-Holstein-Sonderburg-Clücksburg -- Ernesto Cardenal Martínez -- Luis Alberto Monge Álvarez -- José Luis Alemán Dupoy -- Dr. Alfonso Rochac /gDiplomáticos internacionales en República Dominicana -- tChristine Laberge -- Blandine Kreiss -- Donna Jean Hrinak -- Volker Pellet -- Beate Stiro -- Sra. Elisabeth Eklund -- Vladimir Zaemskiy -- Urs Schnider -- Yaser Awad Farhan Al-Abdulla -- M. Shahidul Islam -- Megi Fino -- Pertti Ikonen -- Rodrigo Riofrío -- Alí de Jesús Uzcátegui Duque -- Pablo Javier Pérez Campos -- Claudia Simón -- Rudy Armando Coxaj López -- Eduardo Lama -- Edwin Paraison -- Milagros Carina Soto Agüero / gLiteratura --tTirso de Molina -- Félix Rubén García Sarmiento -- José Luis Corripio Estrada -- Elena Azar Viuda Majluta /gPromotores del turismo --tMédéric Louis Élie Moreau de Saint-Méry -- Samuel Hazard -- De Benneville Randolph Keim -- David Dixon Porter /gGastronomía el arte culinario --tNatacha Gómez -- Héctor Méndez -- Ciro Casola -- Romain Valicon /gPromotores del arte y el desarrollo --tJosé Vela Zanetti -- Antonio Prats Ventós -- George Hausdorf -- Eugenio Fernández Granell -- Enrique Casal Chapí -- Antonio Braga -- El padre Andrés Requena Cárceles -- Enrico Cagna Cabbiati -- Francois Bahuaud -- Marianne de Tolentino -- Cliff Huxford -- Douglas Lindsay -- Slobodan Veljkovic -- Marco Antonio Muñiz Vega -- José Alberto García Gallo -- José Rómulo Sosa Ortiz -- Juan Enrique López Llanos -- Daniel Santos -- Nicolas Cristóbal Batista -- Jacques Viau Renaud /gArquitectura e ingeniería --tGuido D´alessandro Lombardi -- Mercedes Sabater Vda. Macarrulla -- Joseph Lea Gleave -- André Dunoyer de Segonzac / gCiencia y tecnología --tDiego Álvarez Chanca -- Dr. William Morgan -- Carl Theodor Konrad Ludwig Georg -- Antonio Puigvert Gorro -- Dr. Manuel Vincitore Giannone -- Dr. Escipión Oliveira Solari -- Yin T. Hsieh -- Francisco Manuel De Jesús Dorta Duque Ortiz /gPromotores de la educación --tEl padre Gaspar Hernández -- Eugenio María de Hostos -- Federico García Godoy -- El Padre Fantino Falco -- Román Baldorioty de Castro -- Salvador Cucurullo /gPromotores sociales y humanísticos --tEl Papa Juan Pablo II -- El Dr. José Gregorio Hernández -- La Madre Teresa de Calcuta -- Santa Luisa de Marillac -- El P. Emiliano Tardif, MSC -- Luis José Quinn Cassidy -- Blanca Iris Villafañe -- Rodolfo Enrique Cabral Camiñas -- Celia Cruz -- José de Diego Martínez -- rafael Colorado D´Assoy -- Anita Ontiveros -- Carlos Gómez -- Marcos de Córdova -- Sarodj Bertin Durocher -- Daniel Enrique Sarcos Cabrera -- Ónix Báez Jiménez -- Germana Quintana Martinez -- Emilio Aparicio -- Antonia Blanco Montes -- Horacio Lamadrid -- Roberto Mario Gómez Bolaños -- Mario Fortino Alfonso Moreno Reyes -- Robert Anthony De Niro -- Alfredo James Pacino -- Angelina Jolie Voight -- Steven Frederic Seagal -- Prof. Clara Elena Ramírez -- Carlos Miguel Veitía -- Madame Magda Corbett -- Penélope Cruz -- Gisele Caroline Bündchen /gPromotores del deporte --tRodolfo Fernández -- Óscar Rodríguez -- Ramón "El Profesor" Bragaña Palacios -- Antonio Arístides Pacheco -- Alonzo Perry -- Richard Lee Stuart -- Willie McCovey -- Gaylord Perry -- Michael Jordan -- Eugene Richardson -- Nathaniel "Tiny" Archibald -- Marcellous Starkos -- Richard Matienzo -- Nate Granger -- Marcelo Nicola -- Charlie Alexander Villanueva -- Mike Tyson -- Bernard Hopkins -- Félix "Tito" Trinidad -- Wilfredo Gómez -- Pelé -- Diego Armando Maradona -- Fortunato Quispe Mendoza -- Jorge Rolando Bauger -- Bruce Lee -- Jhoon Goo Rhee -- Yoshio Nakagawa -- María Dimitrova -- Richard Morgan "Ric" Fliehr -- Adrian Street -- Hugo Savinovich -- Black Shadow -- joshie Hidaka -- Nieve Xue -- Lin Ju -- Jennifer Lian Qian -- Jhonattan Vegas -- Ben Martín -- Brice Garnett -- Chad Ramey -- Yasser Quesada Pérez -- Fernando Peralta -- Manuel Oquendo -- Ernesto Antón -- Marcos Kwick -- Elvis Contreras -- Wagner Pacheco -- Marcos Miranda -- Liavontsi Hancharenka -- Zarema Kasaeva -- Félix Sánchez -- Usain Bolt -- Alberto Juantorena Danger -- Nawal El Moutawakel -- Jonathan Ruvalcaba -- Krystal Lara -- Pedro Pablo Pérez -- Mariana Pajón Londoño -- Fabian Cancellara -- Luis Mora -- Yvonne Losos de Muñiz -- Yefren Rodríguez -- Sonny León -- José Luis Villalobos -- Allanis Navas -- María González / tFuentes bibliográficas /0 aVolumen II --tPresentación --gPolitica y economia -- tJosé María Hipólito Figueres Ferrer -- José Luis Alberto Muñoz Marín -- Rómulo Ernesto Betancourt Bello -- Ramón Grau San Martín -- Juan José Arévalo Bermejo -- Elie Lescot -- Dwight D. Eisenhower -- John F. Kennedy -- Jorge Alberto Negrete Moreno -- Alicia Alonso -- Francisco Panal Ramírez -- Tomás Francisco Reilly -- Alberto Bayo Giroud -- Antonio Román Durán -- Juan José Arévalo Bermejo -- Carlos Gutiérrez Menoyo -- Delio Gómez Ochoa -- Camilo Cienfuegos Gorriarán -- Lorenzo Dow Berry -- Jesús de Galíndez Suárez -- María Ugarte España -- Constancio Bernardo de Quirós -- Roberto Pastoriza Neret -- José Almoina Mateos -- Jean Pierre André de la Riviere -- Illio Capocci -- Rigoberta Menchú Tum -- María del Carmen Brusíloff Ugarte -- Gerald Lester Murphy -- Miguel Ángel Bissié -- Luis Acosta Tejeda -- José Enrique Piera Puig -- Vicente Herrero Ayllón -- Juan Carlos Escotet Rodríguez / gDiplomáticos internacionales en República Dominicana --tShauna Hemingway -- Eric Fournier -- Maike Friedrichsen -- Andrea Canepari -- Takagi Masahiro -- Christopher John Campbell -- Robin Stein Bernstein -- Faisal Falah Alharbi -- Nora Elizabeth Capello -- Renan Leite Paes Barreto -- Zhang Run -- Park Dong-sil -- Alfonso Herrera Salcedo -- Ramu Abbagani -- Álvaro Daniel Gallardo Castro -- Hichame Dahane -- Maher El-Adawy -- Maureen P. Tamuno / gLiteratura --tPablo Neruda -- Manuel Valldeperes -- Gabriel José de la Concordia García Mázquez -- Luis Mariano Carbonell Pullés /gArquitectura e ingeniería --tAntonio Ocaña Rodríguez -- Pedro Ramírez Vásquez -- Leonardo Fernández Troyano -- Javier Barroso Sánchez-Guerra /gCiencia y tecnología --tJorge Nemesio Leguén Montoya -- Enrique Máximo Coiscou Weber -- Ligia Fernández de Reid -- Ronald Skewes -- Manuel De Ovin Filpo -- Embajador de Taiwán, Isaac Tsai /gPromotores de la educación --tSor Ana Nolan -- Sor Leonor Gibb -- Reverendo Padre Vicente Rubio -- Elvira Medina de Rodríguez /gPromotores sociales y humanísticos --tSan Oscar Romero -- Roque (Rocco) Cocchia -- Arturo MacKinnon -- Ronald Gerad Connors /gPromotores del turismo --tSebastián Barceló Oliver -- Anibale Bonarelli Izzo -- Miguel Calzada León -- Edmundo Aja /gGastronomía el arte culinario --tErik Malmsten -- Catherine Lemoine -- Roberto Capone -- Germán Ortega /gPromotores del arte y el desarrollo --tJosé Alloza -- Sacha "Tebo" Thébeaud -- María Esther Marrella -- Graciela Azcárate -- Robert Jeand´or -- Jorge Gómez -- Miguel Matamoros -- Máximo Francisco Repilado Muñoz -- Ives Nelson -- Félix Cumbé -- Michael Miller -- Luis María Frómeta Pereira -- Bartolomé Maximiliano Moré Gutiérrez -- José Luis Rodríguez González -- Juan Antonio Albino Ortiz -- Gilberto Santa Rosa Cortés -- Olga Teresa Tañon Ortiz -- Vin Diesel -- Jennifer Lynn López -- Janelle Commisiong -- Adriana Lima /gPromotores del deporte --tTommy Lasorda -- Terrence Jon "Tito" Francona -- Roger Eugene Maris -- Ralph Garr -- Carmelo Kyam Anthony -- Karl-Anthony Towns Cruz -- Julio César Chávez González -- Roberto Durán Samaniego -- Mamuro Matsunaga -- Oyama Masutatsu -- Melissa Mojica -- Daniela Yael Krukower -- Johan Navas -- Judazmin Mata -- José Fernando Cuenca Jiménez -- Alejandro Tadeo Ramírez Álvarez -- Jang Mi-ran -- Liu Chunhong -- Megan Romano -- Elisbet Gámez Matos /tFuentes  aInventariado, 2024/ YL1 aCastro Santana, Jesús Davideinvestigador, 9859761 aGonzález Cruz, German Starlingecolaborador9785881 aGonzález Cruz, Hanoi A. ecolaborador986393 aYLockward 2ddccLBS1 00102ddc51708PDaBNPHUbBNPHUcCTd2024-08-07eDeposito Legall0oBNPHU R-PD G643p2024-5104r2024-08-27tt. 1w2024-08-27yLBS1 00102ddc51708PDaBNPHUbBNPHUcCTd2024-08-07eDeposito Legall0oBNPHU R-PD G643p2024-5105r2024-08-27tt. 1, e. 2w2024-08-27yLBS1 00102ddc56708DSaBNPHUbBNPHUcCTd2024-08-07eDeposito Legall0oBNPHU R-DS G643p2024-5106r2024-08-27tt. 1, e. 3w2024-08-27yLBS1 00102ddc51708PDaBNPHUbBNPHUcCTd2024-08-07eDeposito Legall0oBNPHU R-PD G643p2024-5107r2024-08-27tt. 2w2024-08-27yLBS1 00102ddc51708PDaBNPHUbBNPHUcCTd2024-08-07eDeposito Legall0oBNPHU R-PD G643p2024-5108r2024-08-27tt. 2, e. 2w2024-08-27yLBS1 00102ddc56708DSaBNPHUbBNPHUcCTd2024-08-07eDeposito Legall0oBNPHU R-DS G643p2024-5109r2024-08-27tt. 2, e. 3w2024-08-27yLBS1 c57547d57547